000 02622nas1a22003131i 4500
001 RU\NLR\INFOCOMM33\1000074363
005 20240726064401.0
011 _a0233-626Х
035 _a(NLR Aleph) 002531986
090 _a2857383
_c2857383
100 _a20040423b19841988|||y0rusy50 ca
101 0 _arus
102 _aRU
110 _aayu||||0|y0
200 1 _aМелиорация и водное хозяйство
_eОбзор. информ.
_hСерия 9
_iИзыскания и проектирование гидромелиоративных систем
_fМ-во мелиорации и вод. хоз-ва. ЦБНТИ (ЦБНТИ Минводхоза СССР)
210 _aМ.
_d1984-1988
311 _aС 1989 выходит: Мелиорация и водное хозяйство. Мелиоративные системы: Обзор. информ. (шифр: П13/1742)
440 0 _12001#$aМелиорация и водное хозяйство$eОбзор. информ.$iМелиоративные системы
_1852##$aNLR$jП13/1742
_tМелиорация и водное хозяйство
801 1 _aRU
_bInfoComm
_c20040423
801 0 _aRU
_bNLR
_gPSBO
852 _aNLR
_jП13/1643
942 _cJOURNAL
980 _aRUSPER